01847pam a2200265 a 4500001000800000005001700008008004100025010001700066020001500083040001800098050001500116082001400131100003000145245011300175260005600288300008000344500004800424504005200472505082800524650001701352700003001369700002401399856008501423856007301508203130320210414113846.0920401s1993 cauabf b 001 0 eng  a 92015099  a155934153X aDLCcDLCdDLC00aCC165.W42 00a930.12201 aWebster, David L.,d1943-10aOut of the past :ban introduction to archaeology /cDavid L. Webster, Susan Toby Evans, William T. Sanders. aMountain View, Calif. :bMayfield Pub. Co.,cc1993. axxii, 626 + various pagings :bill. (some col.), maps (some col.) ;c25 cm. a"From the Annenberg/CPB Collection"--Cover. aIncludes bibliographical references and index. aContents: What is archaeology?: Introduction to anthropology and archaeology -- In Search of ourselves: The Development of anthropology and archaeology -- Doing archaeology: Learning about the past: The Case of the Maya Copan -- Archaeological methods -- Conceptual framework -- Human Habitats -- Reconstructing the past: Family and household, community and society -- Artisans and traders -- Signs and symbols -- Power, prestige and wealth -- Realms: Approaches to reconstructing political structure -- The spirit world: Religion and ideology -- The Archaeology of ancient civilizations: The Rise of civilization in the old world -- The Rise of civilization in the new world -- Explaining the past: The fall of civilizations: Another lessons from copan -- Explanation and archaeology -- Appendix: Critical thinking skills. 0aArchaeology.1 aEvans, Susan Toby,d1945-1 aSanders, William T.423Publisher descriptionuhttp://www.loc.gov/catdir/description/mh024/92015099.html413Table of contentsuhttp://www.loc.gov/catdir/toc/mh023/92015099.html